000
00221nam a2200097Ia 4500
008
191206s9999 xx 000 0 und d
020
_a
9.78818E+12
090
_a
GF85.G58
245
0
_a
Environmental Hazards
260
_c
c2012
999
_c
15918
_d
15918